00582nam a2200157 a 450000100100000000500170001000800410002704000250006808200150009310000380010824500750014626000920022130000210031350000420033450400480037600001367220240305094403.0091127s2001 dr 001 0 spa d aDO-SdBNPbspacBNPHU axxxbD812d1 aDuarte Canaán, Pedro J.,d1963-14aLos dictámenes del ministerio público /cPedro J. Duarte Canaán. aSanto Domingo :bCentro de Investigaciones Juridicas Duarte Canaán y Asociado,c2001. a174 p. ;c22 cm. aIncluye datos biográficos del autor aIncluye referencias bibliográficas[p.172]